Linkin Park - In The End Lyrics - Statistics

General Stats
  • This quiz has been taken 2,665 times
  • The average score is 85 of 122
Answer Stats
Answer % Correct
I
100%
It
97%
it
97%
in
96%
hard
95%
matter
95%
doesn't
94%
even
94%
a
93%
the
93%
end
89%
so
87%
know
86%
on
86%
try
86%
how
85%
you
85%
don't
84%
one
84%
thing
84%
why
83%
to
80%
go
79%
keep
78%
that
77%
all
76%
mind
76%
tried
76%
with
76%
starts
75%
time
69%
and
65%
is
65%
watch
63%
this
60%
of
58%
valuable
57%
as
56%
be
55%
swings
55%
by
53%
designed
53%
pendulum
52%
rhyme
52%
day
51%
fly
50%
me
50%
window
50%
clock
49%
down
49%
out
49%
right
49%
explain
48%
unreal
47%
it's
46%
away
45%
ticks
45%
due
44%
count
43%
didn't
43%
life
40%
just
38%
what
38%
below
37%
look
37%
fell
36%
apart
35%
memory
35%
hold
34%
wasted
34%
though
33%
everything
32%
inside
32%
eventually
31%
will
31%
kept
30%
meant
28%
trying
26%
No matching quizzes found
Score Distribution
Percent of People with Each Score
Percentile by Number Answered
Your Score History
You have not taken this quiz